00779nam a22002057a 450000700030000000800410000302000220004404000140006604100090008010000190008924501470010826000300025530000190028544000770030452100840038163000240046565000290048970000300051870000250054800160620b xxu||||| |||| 00| 0 eng d a978-2-7462-1829-1 aBUACcBUC aFre. aBonnet, Pierre aLe système d'information durable : bla refonte progressive du SI avec SOAc/ par Pierre Bonnet, Jean-Michel Detavernier, Dominique Vauquier aParis :bLavoisier,c2008 a313 p.c23 cm. a(Collection Etudes et Logiciels Informatiques / dir. par Nicolas Manson) aCompr. Bibliogr. à la fin de chaque chapitre du vol. Index : pp. (311 - 313) aSCIENCES APPLIQUEES aInformatique : système aDetavernier, Jean-Michel  aVauquier, Dominique